| 000 | 01757nam a22003017a 4500 | ||
|---|---|---|---|
| 999 |
_c29072 _d29043 |
||
| 003 | EG-ScBUE | ||
| 005 | 20210220110125.0 | ||
| 008 | 090715k19551978iq f 000 0 ara d | ||
| 040 |
_aEG-ScBUE _bara _erda _cEG-ScBUE _dEG-ScBUE |
||
| 082 | 0 | 4 |
_a892.71009 _bع م ا _222 |
| 100 | 1 |
_98030 _aعماد الدين الكاتب، محمد بن محمد،، _d519-597 هـ.، _eمؤلف. |
|
| 245 | 1 | 0 |
_aخريدة القصر وجريدة العصر : _bقسم شعراء العراق / _cتأليف عماد الدين الأصبهاني الكاتب ؛ حققه وشرحه محمد بهجة الأثري ؛ أعد أصله وشارك في تحقيقه ومعارضة نسخه وصنع فهارسه الدكتور جميل سعيد، الأستاذ بكلية الآداب والعلوم ببغداد. |
| 264 | 1 |
_aالجمهورية العراقية : _bوزارة الإعلام : _bوزارة الثقافة والفنون : _bالمجمع العلمي العراقي، _c[1955-1978] |
|
| 300 |
_a6 مجلد ؛ _c24 سم. |
||
| 336 |
_2rdacontent _aنص _btxt |
||
| 337 |
_2rdamedia _aبدون وسيط _bn |
||
| 338 |
_2rdacarrier _aمجلد _bnc |
||
| 490 | 0 | _aمطبوعات المجمع العلمي العراقي | |
| 490 | 0 |
_aسلسلة كتب التراث ؛ _v24, 43, 65 |
|
| 505 | 0 | 0 | _aالمجلد الأول -- المجلد الثاني -- المجلد الثالث -- المجلد الرابع -- المجلد الخامس -- المجلد السادس. |
| 650 | 7 |
_98043 _aالشعر العربي _vتاريخ ونقد. _2BUEsh |
|
| 651 | _2BUEsh | ||
| 653 |
_bARALIT _cFebruary2021 |
||
| 655 |
_vReading book _934232 |
||
| 700 | 1 |
_aالأثري، محمد بهجة، _eمحقق. |
|
| 700 | 1 |
_aسعيد، جميل، _eمعد. |
|
| 942 |
_2ddc _cBB |
||